000 01876cam a2200481Ia 4500
001 sjds1061092
003 sjds
005 20180403111440.0
008 080829s2009 maua b 000 1 spa
010 _a 2008037944
020 _a9781846862915 (pbk. : alk. paper)
020 _a1846862914 (pbk : alk. paper)
035 _a395425
035 _a(OCoLC)244420998
035 _a395425
040 _aDLC
_cDLC
_dBTCTA
_dBAKER
_dUtOrBLW
041 1 _aspa
_heng
049 _aIFAA
099 _aESPANOL PICTURE BOOKS BLACKSTONE 2009
999 _c19422
_d19422
999 _bESPANOL PICTURE BOOKS BLACKSTONE 2009
100 1 _aBlackstone, Stella,
_eauthor.
240 1 0 _aJump into January.
_lSpanish
245 1 3 _aUn recorrido por las estaciones /
_cStella Blackstone ; Maria Carluccio.
250 _aEdition en rústica.
260 _aCambridge, MA :
_bBarefoot Books,
_c2009.
264 1 _aCambridge, MA :
_bBarefoot Books,
_c2009.
300 _a1 volume (unpaged) :
_bcolor illustrations ;
_c25 x 26 cm
336 _atext
_btxt
_2rdacontent
337 _aunmediated
_bn
_2rdamedia
338 _avolume
_bnc
_2rdacarrier
520 _aA short verse for each month of the year encourages the reader to find objects hidden in the pictures that depict that month's activities, such as ear muffs and pine trees in January, or a scooter and a picnic bench in June.
526 0 _aAccelerated Reader
_bLG
_c1.4
_d0.5
_z130383SP
650 0 _aMonths
_vJuvenile fiction.
650 0 _aYear
_vJuvenile fiction.
650 0 _aStories in rhyme
_vJuvenile literature.
650 0 _aPicture puzzles
_vJuvenile literature.
650 7 _aMeses
_vNovela juvenil.
_2bidex
650 7 _aAño
_vNovela juvenil.
_2local
650 7 _aCuentos en rima
_vLiteratura juvenil.
_2bidex
650 7 _aRompecabezas ilustrados
_vLiteratura juvenil.
_2bidex
700 1 _aCarluccio, Maria,
_eillustrator.
942 _cBK